[Event "FIDE World Rapid Team"]
[Site "London ENG"]
[Date "2025.06.11"]
[Round "1.4"]
[White "Stewart, Ashley"]
[Black "Akhilbay, Imangali"]
[Result "0-1"]
[BlackTitle "FM"]
[WhiteElo "2093"]
[BlackElo "2385"]
[WhiteTeam "Hammersmith Chess Club"]
[BlackTeam "Rookies"]
[WhiteFideId "419001"]
[BlackFideId "13734857"]
[EventDate "2025.06.11"]
[EventType "team"]

1. c4 b6 2. e4 Bb7 3. Nc3 e5 4. Nf3 Nc6 5. a3 a5 6. d4 exd4 7. Nxd4 Nge7 8. Ndb5
Ng6 9. Be3 Bc5 10. Bxc5 bxc5 11. Be2 O-O 12. O-O Ba6 13. Qd2 Re8 14. f3 d6 15.
b3 Rb8 16. Rfd1 Bxb5 17. Nxb5 Qe7 18. Rab1 Nf8 19. Nc3 Ne6 20. Nd5 Qd8 21. b4
axb4 22. axb4 Nxb4 23. Nxb4 cxb4 24. Rxb4 Rxb4 25. Qxb4 Qa8 26. g3 Rb8 27. Qd2
h6 28. Rc1 Qa3 29. Rc2 Rb1+ 30. Kg2 Qc5 31. Bf1 Nd4 32. Rb2 Nxf3 33. Qf2 Ne1+
34. Kh3 Qh5# 0-1

[Event "FIDE World Rapid Team"]
[Site "London ENG"]
[Date "2025.06.11"]
[Round "1.5"]
[White "Nurgaliyeva, Zarina"]
[Black "Ciocan, Maria-Alexandra"]
[Result "1-0"]
[WhiteTitle "WFM"]
[WhiteElo "2252"]
[BlackElo "1998"]
[WhiteTeam "Rookies"]
[BlackTeam "Hammersmith Chess Club"]
[WhiteFideId "13730096"]
[BlackFideId "1227130"]
[EventDate "2025.06.11"]
[EventType "team"]

1. e4 e6 2. d4 d5 3. Nd2 Nf6 4. e5 Nfd7 5. Bd3 c5 6. c3 Nc6 7. Ne2 cxd4 8. cxd4
f6 9. exf6 Nxf6 10. Nf3 Bd6 11. O-O O-O 12. Bf4 Bxf4 13. Nxf4 Qd6 14. Ne2 Bd7
15. Ng3 Qf4 16. Bb5 Rae8 17. Qc1 Ne4 18. Qxf4 Rxf4 19. Rfe1 Nd6 20. Bxc6 Bxc6
21. Ne2 Rf6 22. Ne5 Bb5 23. Nc3 Ba6 24. Rad1 b6 25. Nf3 Bb7 26. Rd2 h6 27. Rde2
Nf5 28. Re5 Kf7 29. Nb5 a6 30. Nc3 g5 31. h3 Bc6 32. R5e2 Bb7 33. Na4 b5 34. Nc5
Bc8 35. Rc2 Kg6 36. Nd3 Nd6 37. Rc7 h5 38. Rec1 g4 39. hxg4 hxg4 40. Nfe5+ Kf5
41. Rg7 Rh8 42. Rxg4 Rfh6 43. Rf4+ Kg5 44. Nf3+ Kg6 45. Nde5+ Kg7 46. Rc7+ Kg8
47. Rg4+ Kf8 48. Ng6+ Ke8 49. Nxh8 Rxh8 50. Ne5 Nf5 51. Rxc8+ 1-0

[Event "FIDE World Rapid Team"]
[Site "London ENG"]
[Date "2025.06.11"]
[Round "1.6"]
[White "Aryaman Ganguly"]
[Black "Watson, Mikey J"]
[Result "1/2-1/2"]
[WhiteElo "1826"]
[BlackElo "1984"]
[WhiteTeam "Hammersmith Chess Club"]
[BlackTeam "Rookies"]
[WhiteFideId "25981226"]
[BlackFideId "442690"]
[EventDate "2025.06.11"]
[EventType "team"]

1. e4 c6 2. d4 d5 3. Nc3 dxe4 4. Nxe4 Nf6 5. Nxf6+ exf6 6. Nf3 Bf5 7. Be2 Bd6 8.
O-O O-O 9. h3 Nd7 10. Bd3 Bxd3 11. Qxd3 Re8 12. Bd2 Qc7 13. Rfe1 c5 14. c3 a6
15. Rac1 c4 16. Qb1 b5 17. Re4 Re6 18. Rce1 Rae8 19. R4e3 Nb6 20. R1e2 Nd5 21.
Re4 g6 22. Qe1 Qd7 23. Rxe6 fxe6 24. g3 Re7 25. Kg2 Bc7 26. Ng1 Qc6 27. Kh2 Kf7
28. f4 Re8 29. Qf2 a5 30. a3 Qd6 31. Nf3 Ne7 32. Qe1 Nf5 33. Kg2 Qd5 34. Be3 Bd6
35. Bf2 Re7 36. Re4 Kg7 37. Re2 h5 38. Re4 Nh6 39. Re2 Nf7 40. Re3 Nd8 41. Kh2
Nc6 42. Nd2 b4 43. axb4 axb4 44. Ne4 b3 45. Nd2 Nd8 46. Qe2 Rc7 47. Qf1 e5 48.
fxe5 fxe5 49. dxe5 Bxe5 50. Qe2 Bd6 51. Re4 Rf7 52. Rxc4 Ne6 53. Re4 Ng5 54. Rd4
Qc6 55. h4 Nf3+ 56. Nxf3 Qxf3 57. Qxf3 Rxf3 58. Kg2 Rf6 59. Rd5 Re6 60. Rb5 Re2
61. Kf3 Rxb2 62. c4 Rc2 63. Rxb3 Rxc4 64. Rd3 Be5 65. Rd7+ Kf6 66. Be3 Rc3 67.
Ke2 Rc2+ 68. Kf3 Rc3 69. Ke2 Kf5 70. Kd2 Rb3 71. Rd5 Ke4 72. Rc5 Rxe3 73. Rxe5+
Kxe5 74. Kxe3 Kf5 75. Kf3 Ke5 1/2-1/2

[Event "FIDE World Rapid Team"]
[Site "London ENG"]
[Date "2025.06.11"]
[Round "1.1"]
[White "Sava, Robert-Gabriel"]
[Black "Harvey, Marcus R"]
[Result "0-1"]
[WhiteTitle "CM"]
[BlackTitle "IM"]
[WhiteElo "2121"]
[BlackElo "2445"]
[WhiteTeam "xChess.AI"]
[BlackTeam "Wood Green"]
[WhiteFideId "1265725"]
[BlackFideId "400092"]
[EventDate "2025.06.11"]
[EventType "team"]

1. d4 Nf6 2. c4 e6 3. Nf3 Bb4+ 4. Bd2 Qe7 5. g3 O-O 6. Bg2 Bxd2+ 7. Nbxd2 d6 8.
O-O e5 9. e3 Re8 10. Qc2 h6 11. Rfc1 Nc6 12. d5 Nb8 13. e4 a5 14. Ne1 Na6 15.
Nd3 Nd7 16. a3 Ndc5 17. Nxc5 dxc5 18. f4 Nb8 19. Rf1 Nd7 20. a4 Ra6 21. Rae1 g6
22. Nf3 Qf6 23. Qd2 Rb6 24. fxe5 Nxe5 25. Nxe5 Qxe5 26. Qxh6 Rxb2 27. Qf4 Qxf4
28. gxf4 Rb4 29. f5 gxf5 30. exf5 Rxe1 31. Rxe1 Bxf5 32. Re7 c6 33. dxc6 bxc6
34. Bxc6 Rxc4 35. Ra7 Rc1+ 36. Kf2 c4 37. Rxa5 Bg6 38. Rg5 c3 39. Be4 c2 40.
Bxc2 Rxc2+ 41. Kg3 Rc3+ 42. Kf2 Rc4 43. a5 Ra4 44. Rc5 Kg7 45. Ke3 Kh6 46. h4 f5
47. Kf2 Kh5 48. Kg3 Rxh4 49. Rc8 Ra4 50. Ra8 f4+ 51. Kf2 Kg4 52. a6 Ra2+ 53. Ke1
Kf3 54. a7 Be4 55. Rh8 Rxa7 56. Rh3+ Kg4 57. Rc3 Ra2 58. Rb3 f3 59. Kf1 Kg3 0-1

[Event "FIDE World Rapid Team"]
[Site "London ENG"]
[Date "2025.06.11"]
[Round "1.2"]
[White "Wadsworth, Matthew J"]
[Black "Rusu, Lucas"]
[Result "1-0"]
[WhiteTitle "IM"]
[WhiteElo "2481"]
[BlackElo "2038"]
[WhiteTeam "Wood Green"]
[BlackTeam "xChess.AI"]
[WhiteFideId "415804"]
[BlackFideId "42206472"]
[EventDate "2025.06.11"]
[EventType "team"]

1. Nf3 Nf6 2. c4 c5 3. Nc3 Nc6 4. g3 g6 5. Bg2 e5 6. d3 Bg7 7. a3 O-O 8. Rb1 a5
9. O-O d6 10. Ne1 Be6 11. Bg5 h6 12. Bxf6 Bxf6 13. Nc2 Qb6 14. Ne3 Bg7 15. Ned5
Qd8 16. b4 axb4 17. axb4 Rb8 18. e3 Bxd5 19. Nxd5 b6 20. Qa4 Nxb4 21. Nxb4 cxb4
22. Rxb4 f5 23. Qc6 Qf6 24. Rxb6 Rxb6 25. Qxb6 h5 26. h4 f4 27. Qc6 Bh6 28. Qe4
g5 29. hxg5 Qxg5 30. exf4 exf4 31. Qd5+ Qxd5 32. Bxd5+ Kg7 33. Re1 fxg3 34. fxg3
Bd2 35. Re7+ Kg6 36. Kg2 Bc3 37. Be4+ Kg5 38. Re6 Rf6 39. Re8 Bd4 40. Rg8+ Kh6
41. Bf3 Rg6 42. Re8 Be5 43. c5 Bxg3 44. c6 d5 45. Bxd5 Bd6+ 46. Kf3 Kg5 47. Rd8
Be5 48. Rd7 Rd6 49. c7 Rxd7 50. c8=Q Rg7 51. Ke4 Ba1 52. Qc1+ 1-0

[Event "FIDE World Rapid Team"]
[Site "London ENG"]
[Date "2025.06.11"]
[Round "1.3"]
[White "Badescu, Matei-Andrei"]
[Black "Czopor, Maciej"]
[Result "1/2-1/2"]
[BlackTitle "IM"]
[WhiteElo "1947"]
[BlackElo "2423"]
[WhiteTeam "xChess.AI"]
[BlackTeam "Wood Green"]
[WhiteFideId "42213096"]
[BlackFideId "21805431"]
[EventDate "2025.06.11"]
[EventType "team"]

1. e4 c5 2. Nf3 e6 3. d4 cxd4 4. Nxd4 Nf6 5. Nc3 Nc6 6. Nxc6 bxc6 7. e5 Nd5 8.
Ne4 Qa5+ 9. c3 Ba6 10. Bxa6 Qxa6 11. Qe2 Qxe2+ 12. Kxe2 f5 13. Ng3 Rb8 14. c4
Nb4 15. Bd2 c5 16. Bxb4 Rxb4 17. b3 d6 18. exd6 Bxd6 19. Rad1 Ke7 20. Rd3 a5 21.
Rhd1 Rd8 22. Kf1 a4 23. Re1 g6 24. Rde3 e5 25. Rd3 axb3 26. axb3 Rdb8 27. Red1
R8b6 28. Ne2 Rxb3 29. Nc3 Ke6 30. Nb5 Rxd3 31. Rxd3 Ra6 32. Rd5 e4 33. Nxd6 Rxd6
34. Rxc5 Rd2 35. g3 Rc2 36. h4 Kd6 37. Rd5+ Kc6 38. Rd4 h6 39. Rd8 Rxc4 40. Rh8
Kd5 41. Rxh6 Rc1+ 42. Kg2 Rc2 43. Kf1 Rc1+ 44. Ke2 Rc2+ 45. Ke3 Rc3+ 46. Kd2 Rc6
47. Kd1 Ra6 48. h5 Ra1+ 49. Ke2 gxh5 50. Rxh5 Ra2+ 51. Kf1 Ke6 52. Rh6+ Ke5 53.
Rh5 Ke6 54. Rg5 Kf6 55. Rh5 Kg6 56. Rh8 Ra1+ 57. Kg2 Ra2 58. Kf1 Ra1+ 59. Kg2
Ra2 60. Kf1 Ra1+ 61. Kg2 Ra2 62. Kf1 Ra1+ 63. Kg2 Kg7 64. Rb8 Kg6 65. Rg8+ Kf6
66. Rb8 Ra2 67. Kf1 Ra1+ 68. Kg2 Ra2 69. Kf1 Kg5 70. Rg8+ Kf6 71. Rb8 Kg5 72.
Rg8+ Kf6 73. Rb8 Rc2 74. Rf8+ Kg5 75. Rg8+ Kf6 76. Rf8+ Kg5 77. Rg8+ Kf6 78.
Rf8+ Kg5 79. Rg8+ 1/2-1/2

[Event "FIDE World Rapid Team"]
[Site "London ENG"]
[Date "2025.06.11"]
[Round "1.4"]
[White "Willow, Jonah B"]
[Black "Sava, Christiansen-Danut-Eugen"]
[Result "1-0"]
[WhiteTitle "IM"]
[BlackTitle "FM"]
[WhiteElo "2470"]
[BlackElo "2002"]
[WhiteTeam "Wood Green"]
[BlackTeam "xChess.AI"]
[WhiteFideId "438804"]
[BlackFideId "1210114"]
[EventDate "2025.06.11"]
[EventType "team"]

1. e4 e5 2. Nf3 Nf6 3. Nc3 Bb4 4. Nxe5 O-O 5. Be2 Re8 6. Nd3 Bxc3 7. dxc3 Nxe4
8. c4 Nc6 9. O-O d6 10. Be3 Be6 11. Nf4 Qf6 12. Nd5 Bxd5 13. cxd5 Ne5 14. Qd4
Nd7 15. Bb5 Qxd4 16. Bxd4 Red8 17. Rfe1 Nef6 18. Re7 a6 19. Bc4 Kf8 20. Bxf6
gxf6 21. Re3 Re8 22. Rh3 Kg7 23. Bd3 h6 24. Rd1 Re5 25. c4 Rae8 26. Kf1 a5 27.
f4 R5e7 28. Rg3+ Kh8 29. Rh3 Kg7 30. b3 Nc5 31. Rd2 Nxd3 32. Rhxd3 f5 33. Kf2
Re4 34. Rf3 a4 35. Rc2 axb3 36. axb3 b6 37. Ra2 Kf6 38. h3 h5 39. Rc2 Re1 40.
Rd3 R8e4 41. Rf3 h4 42. Ra2 Re7 43. Rc2 Re8 44. Ra2 R1e4 45. Rc2 Re1 46. Ra2
R8e7 47. Rc2 R1e4 48. Ra2 Re8 49. Rc2 Ra8 50. g3 hxg3+ 51. Kxg3 Ra1 52. Rg2 Rd1
53. Kh2 b5 54. cxb5 Rxd5 55. Rc2 Rxb5 56. Rxc7 Ke6 57. Kg3 Rb6 58. h4 d5 59. h5
Kf6 60. Rd7 d4 61. Rd5 Ke6 62. Rd8 Ke7 63. Rd5 Ke6 64. Ra5 Kf6 65. Rd5 Ke6 66.
Rd8 Ke7 67. Rg8 Rd6 68. Rd3 Re1 69. Kf2 Rh1 70. Rg5 Ke6 71. Kg2 Rh4 72. Kg3 Rh1
73. Kg2 Rc1 74. h6 Kd5 75. Rh3 Rc2+ 76. Kh1 Ra6 77. h7 1-0

[Event "FIDE World Rapid Team"]
[Site "London ENG"]
[Date "2025.06.11"]
[Round "1.5"]
[White "Badescu, Eliza-Ioana"]
[Black "Kueh, Audrey"]
[Result "0-1"]
[BlackTitle "WFM"]
[WhiteElo "1832"]
[BlackElo "2054"]
[WhiteTeam "xChess.AI"]
[BlackTeam "Wood Green"]
[WhiteFideId "42214890"]
[BlackFideId "421596"]
[EventDate "2025.06.11"]
[EventType "team"]

1. e4 c6 2. d4 d5 3. exd5 cxd5 4. Bd3 Nc6 5. c3 Qc7 6. h3 g6 7. Nf3 Bf5 8. Be2
Nf6 9. Be3 Bg7 10. Nbd2 O-O 11. O-O Rab8 12. Nb3 Ne4 13. Qc1 Rfe8 14. c4 Be6 15.
Bf4 Qd7 16. Bxb8 Rxb8 17. cxd5 Bxd5 18. Nc5 Qd6 19. Nxe4 Bxe4 20. Rd1 Nxd4 21.
Nxd4 Bxd4 22. Qc4 Rd8 23. Rac1 Qg3 24. Bf3 Bxf3 25. Qf1 Bxd1 26. Rxd1 Qxf2+ 27.
Kh1 Qxf1+ 28. Rxf1 Bxb2 29. Rb1 Rd2 30. Kg1 e5 31. Kf1 Rc2 32. Ke1 Rc1+ 33. Rxc1
Bxc1 34. Kd1 Bf4 35. Kc2 e4 36. Kd1 Kg7 37. Ke2 Kf6 38. g4 Ke5 39. h4 f5 40. g5
Kd4 41. Kd1 Kd3 42. Ke1 e3 43. Kd1 e2+ 44. Ke1 Bg3# 0-1

[Event "FIDE World Rapid Team"]
[Site "London ENG"]
[Date "2025.06.11"]
[Round "1.6"]
[White "Barwick, Carmel"]
[Black "Platschek, Luca"]
[Result "1/2-1/2"]
[WhiteElo "1915"]
[BlackElo "1626"]
[WhiteTeam "Wood Green"]
[BlackTeam "xChess.AI"]
[WhiteFideId "442925"]
[BlackFideId "1289888"]
[EventDate "2025.06.11"]
[EventType "team"]

1. Nf3 Nf6 2. b3 d5 3. Bb2 c5 4. e3 Nc6 5. Bb5 Bg4 6. h3 Bh5 7. g4 Bg6 8. Ne5
Qc7 9. h4 h6 10. Bxc6+ bxc6 11. Nxg6 fxg6 12. d3 e5 13. Nd2 Bd6 14. Qe2 O-O-O
15. O-O-O Rde8 16. e4 Rhf8 17. Kb1 Kb8 18. Rhg1 Qd7 19. Nf1 Qf7 20. Ne3 Nd7 21.
Rdf1 Nb6 22. Qd2 Qe7 23. h5 d4 24. Nc4 Nxc4 25. bxc4 g5 26. Ka1 Ka8 27. Qa5 Qc7
28. Qa3 Rb8 29. f3 Rb6 30. Rg2 Qb7 31. Rgf2 Rb8 32. Rb1 Ra6 33. Qb3 Qxb3 34.
cxb3 Rxb3 35. Rd2 Bc7 36. Bc1 Rxb1+ 37. Kxb1 Ba5 38. Rf2 Bc3 39. Rc2 Bb4 40. Bb2
Ba3 41. Bxa3 Rxa3 42. Rd2 Rc3 43. Kb2 Kb7 44. Kb1 Ka6 45. Kb2 Ka5 46. Kb1 Ka4
47. Kb2 Ra3 48. Kb1 Rc3 49. Kb2 a6 50. Rd1 Ra3 51. Rd2 Kb4 52. Rd1 a5 53. Rd2
Rc3 54. Rd1 a4 55. Rd2 Ka5 56. a3 Kb6 57. Rd1 Kc7 58. Rd2 Kd7 59. Rd1 Ke7 60.
Rd2 Kf7 61. Rd1 g6 62. hxg6+ Kxg6 63. Rd2 h5 64. gxh5+ Kxh5 65. Rh2+ Kg6 66. Rd2
g4 67. fxg4 Kg5 68. Rf2 Rxd3 69. Rf5+ Kxg4 70. Rxe5 Rb3+ 71. Kc2 Rc3+ 72. Kd2
Rxc4 73. Re8 Rc3 74. e5 Re3 75. e6 Kf5 76. e7 Kf6 77. Rc8 Kxe7 78. Rxc6 Rxa3 79.
Rxc5 Kd6 80. Ra5 Kc6 81. Kc2 Rc3+ 82. Kb2 a3+ 83. Rxa3 Rxa3 84. Kxa3 Kc5 85. Kb3
Kb5 86. Kc2 Kc4 87. Kd2 d3 88. Kd1 Kc3 89. Kc1 d2+ 90. Kd1 Kd4 91. Ke2 Ke5 92.
Ke3 1/2-1/2

[Event "FIDE World Rapid Team"]
[Site "London ENG"]
[Date "2025.06.11"]
[Round "1.1"]
[White "Atlas, Valery"]
[Black "Eren, Ataberk"]
[Result "1/2-1/2"]
[WhiteTitle "IM"]
[BlackTitle "IM"]
[WhiteElo "2401"]
[BlackElo "2423"]
[WhiteTeam "Perfect"]
[BlackTeam "Satranc Istanbul"]
[WhiteFideId "12000035"]
[BlackFideId "6349765"]
[EventDate "2025.06.11"]
[EventType "team"]

1. e4 e6 2. d4 d5 3. Nc3 Nf6 4. e5 Nfd7 5. Nce2 c5 6. c3 Nc6 7. f4 Be7 8. Nf3
O-O 9. g3 b5 10. a3 a5 11. Bh3 Ba6 12. O-O b4 13. Rf2 bxc3 14. bxc3 Qb6 15. f5
cxd4 16. cxd4 Ndxe5 17. dxe5 Bc5 18. Qe1 exf5 19. Nf4 Rfe8 20. Nxd5 Qb3 21. Nc3
Nd4 22. Be3 Nc2 23. Rxc2 Bxe3+ 24. Qxe3 Qxc2 25. Nd4 Qd3 26. Re1 Qxe3+ 27. Rxe3
g6 28. Nd5 Reb8 29. g4 Rb1+ 30. Kf2 fxg4 31. Bxg4 Rd8 32. e6 fxe6 33. Ne7+ Kh8
34. Nec6 Rf8+ 35. Bf3 Bc4 36. Nxe6 Rb2+ 37. Kg3 Bxe6 38. Rxe6 Rb3 39. Ne5 Rxa3
40. Re7 Rc3 41. Kg2 Rc2+ 42. Kg3 Rc3 43. Kg2 Rfc8 44. Ra7 R8c7 45. Rxa5 Kg7 46.
h4 R3c5 47. Rxc5 Rxc5 48. Ng4 h5 49. Nf2 Ra5 50. Ne4 Kf7 51. Kg3 Ke6 52. Kf4
Rf5+ 53. Kg3 Rf8 54. Nc5+ Kd6 55. Nd3 Rg8 56. Be4 g5 57. hxg5 Rxg5+ 58. Kh3 Ra5
59. Bf3 Ra3 60. Be2 Kd5 61. Kh4 Ke4 62. Nc5+ Kd4 63. Ne6+ Ke5 64. Ng5 Kf5 65.
Nh3 Rxh3+ 66. Kxh3 h4 67. Kxh4 Ke5 1/2-1/2

[Event "FIDE World Rapid Team"]
[Site "London ENG"]
[Date "2025.06.11"]
[Round "1.2"]
[White "Makaraci, Tunahan"]
[Black "Zlotnik, Boris A"]
[Result "1-0"]
[WhiteTitle "FM"]
[BlackTitle "IM"]
[WhiteElo "2233"]
[BlackElo "2433"]
[WhiteTeam "Satranc Istanbul"]
[BlackTeam "Perfect"]
[WhiteFideId "6356559"]
[BlackFideId "4101413"]
[EventDate "2025.06.11"]
[EventType "team"]

1. e4 e6 2. d4 d5 3. Nd2 c5 4. Ngf3 Nc6 5. Bb5 Nf6 6. exd5 Nxd5 7. O-O cxd4 8.
Nxd4 Bd7 9. Nxc6 bxc6 10. Bd3 Be7 11. Nf3 Qc7 12. c4 Nf4 13. Bc2 Rd8 14. Qe1 Ng6
15. Bg5 f6 16. Be3 c5 17. Nd2 O-O 18. Nb3 f5 19. f4 Rb8 20. Qf2 Rbc8 21. Rad1
Be8 22. Rd2 a5 23. Rfd1 a4 24. Nc1 e5 25. Ne2 Qb7 26. Nc3 exf4 27. Bxf4 Nxf4 28.
Qxf4 Qb8 29. Qxb8 Rxb8 30. Bxa4 Bf6 31. Bxe8 Bd4+ 32. Kf1 Rfxe8 33. Nb5 Be5 34.
g3 f4 35. g4 Bf6 36. b3 Re3 37. Re2 Rxe2 38. Kxe2 Re8+ 39. Kf3 g5 40. Nd6 Re3+
41. Kf2 Rh3 42. Kg2 Re3 43. Rf1 Rd3 44. Ne4 Bd4 45. Nxg5 Rd2+ 46. Kh3 Rxa2 47.
Ne6 Rb2 48. Rf3 Be3 49. Nxf4 Bxf4 50. Rxf4 Rxb3+ 51. Kh4 Rc3 52. Kg5 Kg7 53. h4
h6+ 54. Kf5 Rh3 55. h5 Rd3 56. Ke5 Rd8 57. Ke4 Rd1 58. Ke3 Rc1 59. Kd3 Rd1+ 60.
Kc2 Rg1 61. Kb3 Rb1+ 62. Kc2 Rg1 63. Kd2 Rg3 64. Kc2 Rg1 65. Kd3 Rd1+ 66. Ke4
Rd2 67. Ke5 Rd1 68. Ke6 Rd4 69. Kf5 Rd1 70. Ke5 Rd2 71. Ke6 Rd4 72. Kf5 Rd2 73.
Re4 Kf7 74. Ke5 Rd1 75. Rf4+ Kg7 76. Ke4 Rd2 77. Ke3 Rd1 78. Ke2 Rg1 79. Rf5
Rxg4 80. Rxc5 Kf6 81. Kd3 Rh4 82. Rd5 Ke6 83. Ra5 Rh3+ 84. Kd4 Rh4+ 85. Kc3 Kd7
86. Kb4 Kc6 87. Ra6+ Kb7 88. Rxh6 Rf4 89. Kb5 Rf1 90. Rh7+ Kc8 91. h6 Rf6 92. c5
Kb8 93. Rh8+ Kb7 94. c6+ Kc7 95. h7 Rf5+ 96. Kc4 Rc5+ 97. Kd4 Rh5 98. Ra8 Rh4+ 1-0

[Event "FIDE World Rapid Team"]
[Site "London ENG"]
[Date "2025.06.11"]
[Round "1.3"]
[White "Slavin, Gennadie"]
[Black "Eken, Atakan"]
[Result "0-1"]
[WhiteElo "2207"]
[BlackElo "2010"]
[WhiteTeam "Perfect"]
[BlackTeam "Satranc Istanbul"]
[WhiteFideId "4104870"]
[BlackFideId "6375626"]
[EventDate "2025.06.11"]

1. e4 Nf6 2. Nc3 d5 3. e5 Nfd7 4. d4 e6 5. f4 c5 6. Nf3 Nc6 7. Be3 a6 8. Be2
cxd4 9. Nxd4 Nxd4 10. Bxd4 Bc5 11. Bxc5 Nxc5 12. Qd4 Qc7 13. O-O g6 14. g4 Bd7
15. Nxd5 exd5 16. e6 O-O-O 17. exd7+ Nxd7 18. Qxd5 Nb6 19. Qe5 Rhe8 20. Qxc7+
Kxc7 21. Bd3 Nd5 22. f5 g5 23. Rfe1 Nf4 24. Rxe8 Rxe8 25. Kf2 Nh3+ 26. Kf3 f6
27. Rd1 Nf4 28. Be4 h5 29. gxh5 Nxh5 30. h4 gxh4 31. Rh1 Rxe4 32. Rh2 Rf4+ 33.
Ke3 Rxf5 34. Rxh4 Re5+ 35. Kf3 b5 36. Kg4 Rg5+ 37. Kf3 Kd6 38. a4 Ng7 39. Rh8
bxa4 40. Ra8 Ra5 41. Ke4 Ne6 42. Ra7 a3 43. bxa3 f5+ 44. Kd3 Rxa3+ 45. c3 f4 46.
Ke4 Nc5+ 47. Kd4 Ra4+ 48. c4 Ne6+ 49. Kd3 Ke5 50. Re7 Ra3+ 51. Ke2 Rc3 52. Ra7
Nd4+ 53. Kd2 Rxc4 54. Rxa6 Ke4 55. Ra8 Rc2+ 56. Kd1 f3 57. Ke1 Kd3 58. Rf8 Rc1+
59. Kf2 Rc2+ 60. Ke1 Re2+ 61. Kf1 Ra2 62. Rxf3+ Ke4 63. Rf8 Nf5 64. Ke1 Nd4 65.
Re8+ Kd3 66. Kf1 Rc2 67. Re7 Nf5 68. Re5 Ne3+ 69. Kg1 Rg2+ 70. Kh1 Rg4 71. Kh2
Ke2 72. Re8 Rg6 73. Rf8 Ng4+ 74. Kg3 Ne3+ 75. Kf4 Rg1 76. Ra8 Rg4+ 77. Ke5 Kf3
78. Rf8+ Ke2 79. Ra8 Rb4 80. Rh8 Ng4+ 81. Kf5 Kf3 82. Rh3+ Kg2 83. Ra3 Nf2 84.
Rc3 Nd1 85. Rd3 Nb2 86. Rc3 Na4 87. Ra3 Nc5 88. Rc3 Nb3 89. Rc2+ Kf3 90. Rc3+
Ke2 91. Rh3 Nd4+ 92. Ke4 Nf3+ 93. Kf5 Ke3 94. Rh8 Rb5+ 95. Ke6 Ke4 96. Kd6 Rd5+
97. Kc6 Re5 98. Rh1 Nd4+ 99. Kd6 Rd5+ 100. Kc7 Nf3 101. Ra1 Ke5 102. Ra3 Ng5
103. Re3+ Ne4 104. Re1 Rc5+ 105. Kd7 Rc4 106. Rd1 Nf6+ 107. Kd8 Nd5 108. Re1+
Kd6 109. Ke8 Rf4 110. Ra1 Nc7+ 0-1

[Event "FIDE World Rapid Team"]
[Site "London ENG"]
[Date "2025.06.11"]
[Round "1.4"]
[White "Tahaoglu, Ugur Barkin"]
[Black "Arakhamia-Grant, Ketevan"]
[Result "1/2-1/2"]
[BlackTitle "GM"]
[WhiteElo "2015"]
[BlackElo "2269"]
[WhiteTeam "Satranc Istanbul"]
[BlackTeam "Perfect"]
[WhiteFideId "6303331"]
[BlackFideId "13600168"]
[EventDate "2025.06.11"]
[EventType "team"]

1. d4 Nf6 2. Nf3 g6 3. Bg5 Bg7 4. Nbd2 d5 5. e3 O-O 6. Be2 c5 7. c3 b6 8. O-O
Bb7 9. b4 cxd4 10. cxd4 Nbd7 11. Rc1 Ne4 12. Nxe4 dxe4 13. Nd2 h6 14. Bh4 g5 15.
Bg3 e5 16. dxe5 Nxe5 17. Bxe5 Bxe5 18. Nc4 Bc7 19. Qb3 Qe7 20. Na3 Rad8 21. Nb5
Bb8 22. Nd4 Qe5 23. g3 Rd6 24. b5 Qf6 25. Rc2 Rd7 26. Rfc1 Bd6 27. Bg4 Rdd8 28.
Nc6 Ra8 29. Qd5 Rfe8 30. Rd1 Bc5 31. Qf5 Qxf5 32. Bxf5 a6 33. a4 axb5 34. axb5
Ra4 35. Kg2 Kg7 36. h4 Kf6 37. g4 gxh4 38. Rh1 h5 39. Rxh4 hxg4 40. Bd7 Rg8 41.
Rxg4 Rxg4+ 42. Bxg4 Ra1 43. Rc4 Kg5 44. Bh3 f5 45. Nd8 Bd5 46. Rc2 Rb1 47. Rd2
Bc4 48. Rc2 Bf1+ 49. Kg3 Bd6+ 50. f4+ exf3+ 51. Kxf3 Bxh3 52. Nf7+ Kf6 53. Nxd6
Bg4+ 54. Kg3 Rb3 55. Kf4 Rb4+ 56. Rc4 Rxc4+ 57. Nxc4 Be2 58. Nd6 Bd3 59. Nc8
Bxb5 60. Nxb6 Ke6 61. e4 fxe4 62. Kxe4 1/2-1/2

[Event "FIDE World Rapid Team"]
[Site "London ENG"]
[Date "2025.06.11"]
[Round "1.5"]
[White "Atlas, Dmitry"]
[Black "Kalender, Murat Emre"]
[Result "1-0"]
[WhiteTitle "FM"]
[WhiteElo "2107"]
[BlackElo "1782"]
[WhiteTeam "Perfect"]
[BlackTeam "Satranc Istanbul"]
[WhiteFideId "12000051"]
[BlackFideId "34531815"]
[EventDate "2025.06.11"]
[EventType "team"]

1. e4 Nf6 2. e5 Nd5 3. d4 d6 4. Nf3 Nb6 5. exd6 cxd6 6. Bd3 g6 7. h3 Bg7 8. O-O
O-O 9. Re1 Nc6 10. c3 e5 11. Bg5 Qc7 12. Na3 a6 13. Bc2 Be6 14. Qd2 Rfe8 15. Bh6
Rad8 16. Bxg7 Kxg7 17. Rad1 Bd5 18. Nh2 Be6 19. Ng4 Bxg4 20. hxg4 exd4 21. cxd4
Qd7 22. Qf4 Nd5 23. Qf3 Ndb4 24. Rxe8 Rxe8 25. Bb3 Na5 26. d5 Nxb3 27. axb3 b5
28. Qc3+ Kg8 29. Qxb4 Re5 30. Qd4 Qe7 31. Nc2 Re4 32. Qc3 Rxg4 33. Qc8+ Kg7 34.
Qxg4 f6 35. Qe6 Qa7 36. Qxd6 Kh6 37. Nd4 Qb8 38. Qxb8 1-0

[Event "FIDE World Rapid Team"]
[Site "London ENG"]
[Date "2025.06.11"]
[Round "1.6"]
[White "Demir, Aleyna"]
[Black "Mindru, Valeriu"]
[Result "0-1"]
[WhiteElo "1651"]
[BlackElo "1874"]
[WhiteTeam "Satranc Istanbul"]
[BlackTeam "Perfect"]
[WhiteFideId "6378323"]
[BlackFideId "13905775"]
[EventDate "2025.06.11"]
[EventType "team"]

1. e4 c6 2. d4 d5 3. exd5 cxd5 4. c4 Nf6 5. Nc3 Nc6 6. Nf3 Bg4 7. Be3 e6 8. Be2
dxc4 9. Qa4 Qc7 10. Nb5 Bb4+ 11. Bd2 Bxd2+ 12. Nxd2 Qd7 13. Bxg4 Nxg4 14. Nxc4
O-O 15. Qd1 Nf6 16. O-O a6 17. Nb6 Qe7 18. Nxa8 Rxa8 19. Nc3 Rd8 20. Ne2 e5 21.
Re1 Qb4 22. Qc2 exd4 23. a3 Qb5 24. Nf4 d3 25. Qd2 Ne5 26. a4 Qc5 27. Rac1 Qd4
28. Rc3 Ne4 29. Rxd3 Nxd3 30. Rd1 Nexf2 31. Nxd3 Nxd1+ 32. Kf1 Qxd3+ 33. Qxd3
Rxd3 34. Ke2 Nxb2 0-1

[Event "FIDE World Rapid Team"]
[Site "London ENG"]
[Date "2025.06.11"]
[Round "1.1"]
[White "Sedykh, Mikhail"]
[Black "Ghasi, Ameet K"]
[Result "0-1"]
[BlackTitle "GM"]
[WhiteElo "2159"]
[BlackElo "2513"]
[WhiteTeam "Desert Penguins"]
[BlackTeam "Sharks 4NCL"]
[WhiteFideId "447498"]
[BlackFideId "409200"]
[EventDate "2025.06.11"]
[EventType "team"]

1. d4 Nf6 2. c4 g6 3. Nc3 Bg7 4. e4 d6 5. h3 O-O 6. Be3 Nbd7 7. Nf3 e5 8. dxe5
dxe5 9. Be2 c6 10. O-O Qe7 11. Qc2 Nh5 12. c5 Nxc5 13. Nd5 cxd5 14. Bxc5 Qc7 15.
Rac1 Rd8 16. Qb3 Nf4 17. Bb5 a6 18. Be3 Qe7 19. Bxf4 exf4 20. Bd3 dxe4 21. Rfe1
e3 22. fxe3 fxe3 23. Bc4 Re8 24. Ng5 Qxg5 25. Bxf7+ Kh8 26. Bxe8 Bxh3 27. Qxb7
Rxe8 28. Rc7 Rg8 29. Re2 Bg4 30. Rec2 e2 31. Qe4 Bf5 32. Qxe2 Bd4+ 33. Kf1 Bxc2
34. Rxc2 Rf8+ 35. Ke1 Qh4+ 36. Kd1 Qh1+ 0-1